000 00546nam a2200205 i 4500
001 bg
100 1 _aFIERLA, Irena
245 0 _aGeografia przemysłu Polski /
_cIrena Fierla.
250 _aWyd. 4 zm.
260 _aWarszawa :
_bPaństwowe Wydaw. Ekonomiczne,
_c1984.
300 _a298, [4] s. :
_bmapy, wykr. ;
_c24 cm.
504 _aBibliogr. s. 285-288.
020 _a8320804159
040 _cBPK
041 _apol
080 _a914.38:66/69(438)
920 _a83-208-0415-9
942 _cKS
008 s pl f |000 0 pol
999 _c1063
_d1063
856 _uhttp://koha.tu.koszalin.pl/cgi-bin/koha/opac-detail.pl?biblionumber=1063
_yKatalog online BPK